000 00521nam a22001937a 4500
003 KOHA_MİRAKIL
005 20251001162721.0
008 251001b tu ||||| |||| 00| 0 tur d
020 _a9786051512877
040 _aTR-AnABB
_btur
_cTR-AnABB
041 _atur
082 _a813.42
_bZEN 2018
100 1 _aZengin, Ali,
245 1 0 _aKayıp birlik /
_cAli Zengin
260 _aİstanbul :
_bHayat Yayıncılık,
_c2018
300 _a275 sayfa ;
_c21 cm
650 0 4 _aTürk edebiyatı, roman
942 _2ddc
_cBK
999 _c9025
_d9025
900 _bGizem YORULMAZ